Names That Have Animal Origins - Statistics

General Stats
  • This quiz has been taken 68 times
  • The average score is 5 of 15
Answer Stats
Name Animal % Correct
Leo Latin meaning LION
97%
Colt English word for a young male HORSE
84%
Buck English nickname meaning male DEER/HORSE/GOAT
83%
Drake English word for male DUCK
71%
Arachne Greek meaning SPIDER
71%
Ursula Latin meaning little BEAR
54%
Paloma Spanish meaning DOVE/PIGEON
21%
Orson Norman French meaning BEAR
17%
Beverly Old English meaning BEAVER stream
17%
Corbin French meaning RAVEN/CROW
16%
Deborah Hebrew meaning BEE
5%
Ralph Old Norse meaning Wolf counsel
5%
Ariel Hebrew meaning LION of God
3%
Channing English, Irish origin meaning WOLF cub
2%
Madigan Gaelic meaning little DOG
0%
No matching quizzes found
Score Distribution
Percent of People with Each Score
Percentile by Number Answered
Your Score History
You have not taken this quiz